The electronics problem solver

Gespeichert in:
Bibliographische Detailangaben
1. Verfasser: Fogiel, Max (VerfasserIn)
Körperschaft: Research and Education Association (VerfasserIn)
Format: Buch
Sprache:Englisch
Veröffentlicht: Nueva York Research and Education Association 1982
Schlagworte:
Tags: Tag hinzufügen
Keine Tags, Fügen Sie den ersten Tag hinzu!

MARC

LEADER 00000nam a2200000 a 4500
001 UCV6394
003 CL-VaPUC
008 920113e19820000US |||||||||||||||||eng|d
082 0 4 |a 621.381  |b FOG  |2 21 
100 0 |a Fogiel, Max  |e author  |9 300582 
110 2 |a Research and Education Association  |e author  |9 300583 
245 1 4 |a The electronics problem solver 
300 |a 1297 p 
942 |c BK 
945 |d 19920113 00:00:00 
260 |a Nueva York  |b Research and Education Association  |c 1982 
650 0 |a Electrónica   |9 263192 
650 0 |a Problemas, ejercicios, etc  |9 259377 
583 |a last modification  |c 20171031 14:12:40  |k Rodrigo Vera 
999 |c 212486  |d 212484 
952 |0 0  |1 0  |4 0  |6 621_381000000000000_FOG_1982  |7 0  |8 A  |9 193516  |a BIBING  |b BIBING  |d 2019-11-14  |i 2614103  |o 621.381 FOG 1982  |p 2614103  |r 2025-01-20  |w 2019-11-14  |y BK  |k EIE